[Event "Madrid-ch 2017-2018 - Previa A"]
[Site "Madrid ESP"]
[Date "2018.02.05"]
[Round "1.23"]
[White "Martin-Consuegra Barrilero, Francisco Javier"]
[Black "Ojosnegros Martin, Angel"]
[Result "1-0"]
[WhiteElo "1785"]
[BlackElo "1490"]
[PlyCount "73"]
[EventDate "2018.02.05"]
[EventType "swiss"]
[EventRounds "9"]
[EventCountry "ESP"]
[SourceTitle "Ajedrez en Madrid"]
[Source "lmi"]
[SourceDate "2018.02.05"]

1. d4 Nf6 2. Bf4 e6 3. e3 b6 4. h3 Bb7 5. Nf3 d6 6. Bd3 Nbd7 7. O-O g6 8. Re1
Bg7 9. c4 O-O 10. Nc3 Re8 11. e4 e5 12. dxe5 dxe5 13. Be3 Qe7 14. Nd5 Qd6 15.
a3 a5 16. Bc2 Bxd5 17. cxd5 Nh5 18. Ba4 Rec8 19. Rc1 Nb8 20. Qb3 Na6 21. Rc6
Qe7 22. Rec1 Nc5 23. Bxc5 bxc5 24. R1xc5 Rcb8 25. Qc2 Ra7 26. Rxc7 Rxc7 27.
Rxc7 Qd8 28. Rc6 Nf6 29. g3 Nxd5 30. exd5 e4 31. Qxe4 Bxb2 32. Rc2 Bxa3 33. Bc6
Bb4 34. Re2 Kf8 35. Qe5 f6 36. Qa1 Qd6 37. Re6 1-0

[Event "Madrid-ch 2017-2018 - Previa A"]
[Site "Madrid ESP"]
[Date "2018.02.05"]
[Round "1.24"]
[White "Gonzalez Pinar, Adrian"]
[Black "Jimenez Garcia, Rodrigo"]
[Result "1-0"]
[WhiteElo "1487"]
[BlackElo "1783"]
[PlyCount "120"]
[EventDate "2018.02.05"]
[EventType "swiss"]
[EventRounds "9"]
[EventCountry "ESP"]
[SourceTitle "Ajedrez en Madrid"]
[Source "lmi"]
[SourceDate "2018.02.05"]

1. c4 e6 2. Nf3 Nf6 3. Nc3 d5 4. b3 d4 5. Nb5 Nc6 6. Bb2 e5 7. e3 a6 8. Na3 Bd6
9. d3 Bb4+ 10. Nd2 e4 11. Nc2 dxe3 12. Nxb4 exf2+ 13. Kxf2 Nxb4 14. Nxe4 Nxe4+
15. dxe4 Qg5 16. g3 O-O 17. Bc3 Bg4 18. Qd2 Qc5+ 19. Qd4 Qxd4+ 20. Bxd4 Nc2 21.
h3 Nxa1 22. hxg4 Nc2 23. Bc3 Rad8 24. Be2 Nd4 25. Bb4 Nxe2 26. Bxf8 Nxg3 27.
Kxg3 Rxf8 28. Rd1 g5 29. Rd7 Rc8 30. c5 Kf8 31. Kf3 Ke8 32. Rd5 h6 33. Re5+ Kd7
34. Rd5+ Ke6 35. Ke3 Re8 36. Kd4 f6 37. b4 Re7 38. a4 Rd7 39. Rxd7 Kxd7 40. e5
Ke7 41. exf6+ Kxf6 42. c6 bxc6 43. Kc5 h5 44. gxh5 g4 45. Kxc6 g3 46. h6 g2 47.
b5 axb5 48. axb5 g1=Q 49. h7 Qb6+ 50. Kd7 Kg7 51. Kc8 Kxh7 52. Kd8 c5+ 53. Ke7
Kg6 54. Kd7 Kf6 55. Kc8 c4 56. Kd7 c3 57. Kc8 c2 58. Kd7 Kf7 59. Kc8 c1=R+ 60.
Kd7 Qc7# 1-0

[Event "Madrid-ch 2017-2018 - Previa A"]
[Site "Madrid ESP"]
[Date "2018.02.05"]
[Round "1.25"]
[White "Valencia de Loma, Sergio"]
[Black "Santiago Garcia, Jorge"]
[Result "1-0"]
[WhiteElo "1775"]
[BlackElo "1483"]
[PlyCount "65"]
[EventDate "2018.02.05"]
[EventType "swiss"]
[EventRounds "9"]
[EventCountry "ESP"]
[SourceTitle "Ajedrez en Madrid"]
[Source "lmi"]
[SourceDate "2018.02.05"]

1. e4 c5 2. d3 d6 3. g3 Nc6 4. Bg2 g6 5. f4 Nf6 6. Nf3 Bg4 7. O-O Bg7 8. c3 Qd7
9. Re1 h5 10. h4 e5 11. Na3 d5 12. fxe5 Nxe5 13. Nxe5 Qc7 14. Nxg4 Nxg4 15.
exd5+ Kf8 16. Bf4 Qb6 17. Nc4 Qf6 18. Qf3 Kg8 19. Ne5 Qb6 20. Nc4 Qd8 21. Bg5
f6 22. Bf4 Kh7 23. Ne3 f5 24. Nxg4 hxg4 25. Qf2 Rc8 26. Bg5 Qb6 27. Re7 Rhf8
28. Rae1 Kh8 29. R1e6 Qb5 30. Rxg6 Rg8 31. Bf6 Kh7 32. Rgxg7+ Rxg7 33. Qxf5+
1-0

[Event "Madrid-ch 2017-2018 - Previa A"]
[Site "Madrid ESP"]
[Date "2018.02.05"]
[Round "1.26"]
[White "Mora Agudo, Jose"]
[Black "Perez Cameselle, Francisco Jose"]
[Result "1/2-1/2"]
[WhiteElo "1480"]
[BlackElo "1773"]
[PlyCount "110"]
[EventDate "2018.02.05"]
[EventType "swiss"]
[EventRounds "9"]
[EventCountry "ESP"]
[SourceTitle "Ajedrez en Madrid"]
[Source "lmi"]
[SourceDate "2018.02.05"]

1. d4 Nf6 2. Nf3 g6 3. c4 c5 4. d5 e6 5. dxe6 fxe6 6. Bg5 Bg7 7. Nc3 d5 8. cxd5
exd5 9. Nxd5 Qxd5 10. Qxd5 Nxd5 11. Rd1 Nf6 12. e3 Be6 13. Bb5+ Ke7 14. e4 h6
15. Bxf6+ Bxf6 16. e5 Bg7 17. Nh4 Kf7 18. f4 Nc6 19. Bxc6 bxc6 20. Rd6 Rhd8 21.
Rxc6 Rac8 22. Ra6 Rc7 23. Nxg6 Bc4 24. e6+ Bxe6 25. Ne5+ Bxe5 26. fxe5 Rd5 27.
O-O+ Ke7 28. Rf6 Rxe5 29. Rxh6 Rd7 30. Rh7+ Bf7 31. h3 Re6 32. Rxe6+ Kxe6 33.
Rh6+ Ke7 34. b3 Rd1+ 35. Kh2 Rd6 36. Rh4 Ra6 37. Re4+ Kf6 38. Rf4+ Kg7 39. Rf5
c4 40. bxc4 Bxc4 41. a4 Rxa4 42. Rf4 Bb5 43. Rxa4 Bxa4 44. Kg1 Bb3 45. Kf1 a5
46. Ke1 a4 47. Kd2 a3 48. Kc1 Kg6 49. g3 Kg5 50. h4+ Kg4 51. Kb1 Kh5 52. Ka1
Kg4 53. Kb1 Bf7 54. Ka1 Kxg3 55. h5 Bxh5 1/2-1/2

[Event "Madrid-ch 2017-2018 - Previa A"]
[Site "Madrid ESP"]
[Date "2018.02.05"]
[Round "1.27"]
[White "Hernandez Garcia, Carlos"]
[Black "Enriquez Pastor, Jorge"]
[Result "1-0"]
[WhiteElo "1769"]
[BlackElo "1468"]
[PlyCount "103"]
[EventDate "2018.02.05"]
[EventType "swiss"]
[EventRounds "9"]
[EventCountry "ESP"]
[SourceTitle "Ajedrez en Madrid"]
[Source "lmi"]
[SourceDate "2018.02.05"]

1. e4 c6 2. d4 d5 3. e5 Bf5 4. Nf3 e6 5. Bd3 Bxd3 6. Qxd3 Ne7 7. Bg5 Qc7 8.
Nbd2 Ng6 9. O-O h6 10. Be3 c5 11. c4 cxd4 12. Bxd4 dxc4 13. Nxc4 Nc6 14. Bc3
Rd8 15. Qe4 Be7 16. Nd6+ Kf8 17. Nb5 Qb6 18. a4 a6 19. Nbd4 Nxd4 20. Nxd4 Kg8
21. a5 Rxd4 22. Bxd4 Qb4 23. Rfc1 Kh7 24. Rc7 Rd8 25. Rd1 Bc5 26. Rxb7 Rxd4 27.
Rxd4 Qxd4 28. Qxd4 Bxd4 29. b4 Nxe5 30. b5 axb5 31. a6 Nc6 32. Rxb5 Kg6 33. Kf1
Kf6 34. Ke2 Ke7 35. Rb7+ Ke8 36. f3 g5 37. Rc7 Na7 38. Kd3 h5 39. Kc4 e5 40.
Rb7 f5 41. Kd5 Kd8 42. Ke6 f4 43. Rh7 h4 44. Rg7 e4 45. Rd7+ Kc8 46. Rxd4 e3
47. Kf6 Nb5 48. Rc4+ Kd7 49. Kxg5 e2 50. Rc1 Nd4 51. a7 Nc2 52. a8=Q 1-0

[Event "Madrid-ch 2017-2018 - Previa A"]
[Site "Madrid ESP"]
[Date "2018.02.05"]
[Round "1.29"]
[White "Caamaño Jimenez, Luis"]
[Black "Rufo Yebra, Benito"]
[Result "1-0"]
[WhiteElo "1746"]
[BlackElo "1409"]
[PlyCount "79"]
[EventDate "2018.02.05"]
[EventType "swiss"]
[EventRounds "9"]
[EventCountry "ESP"]
[SourceTitle "Ajedrez en Madrid"]
[Source "lmi"]
[SourceDate "2018.02.05"]

1. d4 d5 2. Nf3 Nc6 3. c4 e6 4. Nc3 Nf6 5. Bg5 Be7 6. e3 h6 7. Bf4 Bd6 8. Ne5
Bxe5 9. dxe5 Ne4 10. Nxe4 dxe4 11. Qc2 Qe7 12. a3 f5 13. exf6 Qxf6 14. Be2 O-O
15. O-O e5 16. Bg3 Bf5 17. c5 Rad8 18. Rad1 Bg6 19. Rxd8 Nxd8 20. Bc4+ Kh7 21.
Rd1 h5 22. h4 Bf5 23. Bd5 Bg4 24. Bxe4+ Kh6 25. Rd5 Nf7 26. b4 c6 27. Rd2 Rd8
28. f3 Rxd2 29. Qxd2 Bf5 30. Bxf5 Qxf5 31. e4+ Qf4 32. Bxf4+ exf4 33. Qxf4+ g5
34. Qxf7 gxh4 35. e5 b6 36. e6 h3 37. e7 h2+ 38. Kxh2 a5 39. Qf6+ Kh7 40. e8=Q
1-0

[Event "Madrid-ch 2017-2018 - Previa A"]
[Site "Madrid ESP"]
[Date "2018.02.05"]
[Round "1.31"]
[White "Carrasco Coquillat, Jorge"]
[Black "Perales Hernandez, Manuel"]
[Result "1-0"]
[WhiteElo "1726"]
[BlackElo "1345"]
[PlyCount "93"]
[EventDate "2018.02.05"]
[EventType "swiss"]
[EventRounds "9"]
[EventCountry "ESP"]
[SourceTitle "Ajedrez en Madrid"]
[Source "lmi"]
[SourceDate "2018.02.05"]

1. c4 c6 2. Nf3 e6 3. b3 Qf6 4. Nc3 d6 5. Bb2 Na6 6. e3 Bd7 7. d4 O-O-O 8. a3
Qe7 9. b4 Nc7 10. Rc1 f5 11. b5 d5 12. Ne5 Be8 13. Be2 g6 14. bxc6 Bxc6 15.
Nxc6 bxc6 16. Qa4 Kb7 17. Rb1 Qd7 18. Ba1+ Ka8 19. c5 Bg7 20. Qa5 Ne7 21. Na4
Nc8 22. Qb4 Nb5 23. Nc3 Ne7 24. Nxb5 Rb8 25. Qa5 cxb5 26. Bxb5 Qd8 27. Qa6 Qc7
28. O-O Rb7 29. Qxe6 Bh6 30. Qd6 f4 31. Ba6 Qxd6 32. Bxb7+ Kb8 33. cxd6 Nc8 34.
Bxd5+ Nb6 35. e4 Rd8 36. e5 Kc8 37. Be6+ Kb7 38. Rfc1 f3 39. Rc7+ Ka6 40. Rxh7
Bf4 41. gxf3 Bg5 42. Bc3 Rf8 43. Rf7 Rh8 44. a4 Rh4 45. a5 Bf4 46. axb6 axb6
47. Bc8# 1-0

[Event "Madrid-ch 2017-2018 - Previa A"]
[Site "Madrid ESP"]
[Date "2018.02.05"]
[Round "1.32"]
[White "Diaz del Prado, Carlos"]
[Black "De La Fuente Ebro, Miguel Angel"]
[Result "1/2-1/2"]
[WhiteElo "1302"]
[BlackElo "1712"]
[PlyCount "46"]
[EventDate "2018.02.05"]
[EventType "swiss"]
[EventRounds "9"]
[EventCountry "ESP"]
[SourceTitle "Ajedrez en Madrid"]
[Source "lmi"]
[SourceDate "2018.02.05"]

1. d4 Nf6 2. Nf3 d5 3. Bf4 e6 4. e3 Be7 5. Bd3 O-O 6. O-O Nbd7 7. Nbd2 c5 8. c3
b6 9. Re1 Bb7 10. e4 dxe4 11. Nxe4 Nxe4 12. Bxe4 Bxe4 13. Rxe4 Nf6 14. Re1 Bd6
15. Be5 Ng4 16. Bxd6 Qxd6 17. Ne5 Nf6 18. Nf3 Rfd8 19. dxc5 Qxc5 20. Qe2 Rd5
21. Rad1 Rad8 22. Rxd5 Qxd5 23. Qa6 Qd7 1/2-1/2

[Event "Madrid-ch 2017-2018 - Previa A"]
[Site "Madrid ESP"]
[Date "2018.02.05"]
[Round "1.33"]
[White "Lizon Martinez, Santiago"]
[Black "Perez Ramos, Miguel Angel"]
[Result "1-0"]
[WhiteElo "1710"]
[BlackElo "1164"]
[PlyCount "113"]
[EventDate "2018.02.05"]
[EventType "swiss"]
[EventRounds "9"]
[EventCountry "ESP"]
[SourceTitle "Ajedrez en Madrid"]
[Source "lmi"]
[SourceDate "2018.02.05"]

1. e4 e5 2. Nf3 Nc6 3. Bb5 Nf6 4. O-O Bc5 5. d3 O-O 6. c3 d6 7. Nbd2 Be6 8. h3
Ne7 9. d4 exd4 10. cxd4 Bb6 11. Bd3 Nc6 12. d5 Nb4 13. Bb1 Bd7 14. a3 Na6 15.
Re1 Nc5 16. b4 Ba4 17. Bc2 Bxc2 18. Qxc2 Ncd7 19. Bb2 Re8 20. Nc4 Nh5 21. Rad1
f6 22. Nxb6 cxb6 23. Nd4 Rc8 24. Qe2 Nf4 25. Qf3 Ng6 26. Ne6 Qe7 27. Qb3 Nde5
28. Rc1 Nf8 29. Nd4 g6 30. f3 a6 31. Rc2 b5 32. a4 bxa4 33. Qxa4 Nd3 34. Rd1
Nxb2 35. Rxb2 Rc7 36. Rc2 Rxc2 37. Qxc2 Qd7 38. Rc1 Kg7 39. Qc7 Re7 40. Qxd7
Rxd7 41. Kf2 Kg8 42. Rc8 Kg7 43. Ke3 Rf7 44. g4 h6 45. Kd3 Nd7 46. Ne6+ Kh7 47.
Ke3 h5 48. f4 b6 49. Rc7 a5 50. Rxd7 Rxd7 51. Nf8+ Kh6 52. Nxd7 axb4 53. Nxb6
hxg4 54. hxg4 b3 55. Nc4 Kg7 56. Kd3 Kf7 57. Nxd6+ 1-0

[Event "Madrid-ch 2017-2018 - Previa A"]
[Site "Madrid ESP"]
[Date "2018.02.05"]
[Round "1.34"]
[White "Fernandez Sanchez, Jose M"]
[Black "Jimenez Jimenez, Darfo"]
[Result "0-1"]
[WhiteElo "1144"]
[BlackElo "1708"]
[PlyCount "76"]
[EventDate "2018.02.05"]
[EventType "swiss"]
[EventRounds "9"]
[EventCountry "ESP"]
[SourceTitle "Ajedrez en Madrid"]
[Source "lmi"]
[SourceDate "2018.02.05"]

1. Nf3 Nf6 2. g3 d6 3. Bg2 e5 4. d3 g6 5. b3 Bg7 6. Bb2 O-O 7. O-O Nc6 8. Nbd2
a5 9. d4 e4 10. d5 exf3 11. Nxf3 Nb4 12. c4 Re8 13. a3 Na6 14. Re1 Nc5 15. Nd4
Bd7 16. f3 Qc8 17. e4 Bh3 18. Re3 Bxg2 19. Kxg2 Nfd7 20. b4 axb4 21. axb4 Rxa1
22. Qxa1 Na6 23. Nc2 Bxb2 24. Qxb2 Ne5 25. Qc3 Qd7 26. b5 Nc5 27. Nd4 Ra8 28.
Qc2 Ra4 29. f4 Nxc4 30. Re1 Ne3+ 31. Rxe3 Rxd4 32. f5 Qxb5 33. fxg6 hxg6 34.
Qf2 Nxe4 35. Rb3 Qxd5 36. Rb5 Nxf2+ 37. Rxd5 Rxd5 38. Kxf2 b5 0-1

[Event "Madrid-ch 2017-2018 - Previa A"]
[Site "Madrid ESP"]
[Date "2018.02.06"]
[Round "2.1"]
[White "Martin-Consuegra Barrilero, Francisco Javier"]
[Black "Alvarez Abejon, Amilcar"]
[Result "1/2-1/2"]
[WhiteElo "1785"]
[BlackElo "1958"]
[PlyCount "55"]
[EventDate "2018.02.05"]
[EventType "swiss"]
[EventRounds "9"]
[EventCountry "ESP"]
[SourceTitle "Ajedrez en Madrid"]
[Source "lmi"]
[SourceDate "2018.02.05"]

1. d4 e6 2. Nf3 Nf6 3. Bf4 d5 4. e3 Bd6 5. Bg3 O-O 6. Bd3 b6 7. Qe2 a5 8. Nbd2
Ba6 9. Bxa6 Nxa6 10. Ne5 c5 11. c3 c4 12. Nc6 Qc7 13. Bxd6 Qxd6 14. Ne5 b5 15.
O-O b4 16. a4 bxc3 17. bxc3 Rab8 18. Ra2 Rb7 19. f3 Rfb8 20. g3 Rb2 21. Rfa1
Nd7 22. Nxd7 Qxd7 23. Qd1 Qe7 24. Qc1 R2b7 25. Rb1 Rxb1 26. Nxb1 Qb7 27. Nd2 h5
28. Qa3 1/2-1/2

[Event "Madrid-ch 2017-2018 - Previa A"]
[Site "Madrid ESP"]
[Date "2018.02.06"]
[Round "2.2"]
[White "Jimenez Garcia, Rodrigo"]
[Black "Ruiz Quevedo, Andres"]
[Result "0-1"]
[WhiteElo "1783"]
[BlackElo "1917"]
[PlyCount "34"]
[EventDate "2018.02.05"]
[EventType "swiss"]
[EventRounds "9"]
[EventCountry "ESP"]
[SourceTitle "Ajedrez en Madrid"]
[Source "lmi"]
[SourceDate "2018.02.05"]

1. c4 Nf6 2. d4 e6 3. Nf3 Bb4+ 4. Nbd2 O-O 5. a3 Bxd2+ 6. Qxd2 d6 7. e3 b6 8.
Be2 Bb7 9. O-O Nbd7 10. b4 Ne4 11. Qc2 f5 12. Bb2 Rf6 13. c5 Bd5 14. Ne1 Rh6
15. Nf3 g5 16. g3 g4 17. Nd2 Qg5 0-1

[Event "Madrid-ch 2017-2018 - Previa A"]
[Site "Madrid ESP"]
[Date "2018.02.06"]
[Round "2.3"]
[White "Camarero Izquierdo, Juan Carlos"]
[Black "Valencia de Loma, Sergio"]
[Result "1-0"]
[WhiteElo "1915"]
[BlackElo "1775"]
[PlyCount "60"]
[EventDate "2018.02.05"]
[EventType "swiss"]
[EventRounds "9"]
[EventCountry "ESP"]
[SourceTitle "Ajedrez en Madrid"]
[Source "lmi"]
[SourceDate "2018.02.05"]

1. d4 Nf6 2. Nc3 d5 3. Bg5 Nbd7 4. f3 h6 5. Bh4 c6 6. Qd3 Qb6 7. O-O-O e6 8. e4
dxe4 9. fxe4 Bb4 10. Nge2 O-O 11. h3 c5 12. Bf2 Rd8 13. dxc5 Bxc5 14. Na4 Qa5
15. Nxc5 b6 16. Nb3 Qa4 17. Nc3 Qa6 18. Qxa6 Bxa6 19. Bxa6 Ne5 20. Bd4 Ned7 21.
e5 Ne8 22. Rhe1 Nc7 23. Bf1 a6 24. Bf2 Kf8 25. g4 Ke8 26. Bh4 g5 27. Bg3 b5 28.
Bg2 Rac8 29. Ne4 Ke7 30. Nd6 Rb8 1-0

[Event "Madrid-ch 2017-2018 - Previa A"]
[Site "Madrid ESP"]
[Date "2018.02.06"]
[Round "2.5"]
[White "Perez Diez, Victor"]
[Black "Caamaño Jimenez, Luis"]
[Result "1-0"]
[WhiteElo "1912"]
[BlackElo "1746"]
[PlyCount "126"]
[EventDate "2018.02.05"]
[EventType "swiss"]
[EventRounds "9"]
[EventCountry "ESP"]
[SourceTitle "Ajedrez en Madrid"]
[Source "lmi"]
[SourceDate "2018.02.05"]

1. e4 g6 2. Nc3 Bg7 3. d3 d6 4. g3 c5 5. Bg2 Nc6 6. Be3 Bd7 7. Qd2 Rb8 8. Nge2
a6 9. h3 b5 10. O-O b4 11. Nd1 e5 12. f4 Qc8 13. Kh2 Nge7 14. g4 h5 15. g5 exf4
16. Bxf4 Ne5 17. c3 Bb5 18. c4 Bd7 19. Ne3 O-O 20. Rf2 Rd8 21. Raf1 Be6 22. Nd5
Nxd5 23. cxd5 Bd7 24. b3 Bb5 25. Nc1 Rb7 26. Kh1 Rc7 27. Qe3 a5 28. Rd1 Qa6 29.
Bf1 a4 30. Rc2 axb3 31. axb3 Qc8 32. Ra2 Qd7 33. Qf2 Rb8 34. Rdd2 Ra7 35. Rxa7
Qxa7 36. Ra2 Qd7 37. Kg2 Rb7 38. Ra5 Ra7 39. Qa2 Rxa5 40. Qxa5 Kf8 41. Kf2 Ke7
42. Ke3 Qb7 43. Be2 Nd7 44. Bf3 Bd4+ 45. Kd2 Qa6 46. Qxa6 Bxa6 47. Ne2 Ba1 48.
Be3 Ne5 49. Ng1 Bc3+ 50. Kc2 Nd7 51. Be2 Bg7 52. Bf2 Bh8 53. d4 Bxe2 54. Nxe2
cxd4 55. Bxd4 Bxd4 56. Nxd4 Ne5 57. Nc6+ Nxc6 58. dxc6 Kd8 59. Kd3 Kc7 60. Kc4
Kxc6 61. Kxb4 Kb6 62. h4 Kc6 63. Kc4 Kb6 1-0

[Event "Madrid-ch 2017-2018 - Previa A"]
[Site "Madrid ESP"]
[Date "2018.02.06"]
[Round "2.6"]
[White "Yeves Miquel, Enrique"]
[Black "Rosa Ramirez, Victor Diego"]
[Result "0-1"]
[WhiteElo "1762"]
[BlackElo "1907"]
[PlyCount "42"]
[EventDate "2018.02.05"]
[EventType "swiss"]
[EventRounds "9"]
[EventCountry "ESP"]
[SourceTitle "Ajedrez en Madrid"]
[Source "lmi"]
[SourceDate "2018.02.05"]

1. c4 e6 2. Nc3 Nf6 3. Nf3 d5 4. e3 c6 5. b3 Nbd7 6. Qc2 Bd6 7. Bb2 O-O 8. Be2
b6 9. Rg1 Bb7 10. g4 c5 11. g5 Ne4 12. h4 Qe7 13. h5 f6 14. Nb5 Be5 15. g6 h6
16. d4 cxd4 17. Nbxd4 Rac8 18. Qd1 dxc4 19. Bxc4 Qb4+ 20. Kf1 Rxc4 21. bxc4
Qxb2 0-1

[Event "Madrid-ch 2017-2018 - Previa A"]
[Site "Madrid ESP"]
[Date "2018.02.06"]
[Round "2.7"]
[White "Fernandez Garcia, Ignacio"]
[Black "Carrasco Coquillat, Jorge"]
[Result "1/2-1/2"]
[WhiteElo "1851"]
[BlackElo "1726"]
[PlyCount "98"]
[EventDate "2018.02.05"]
[EventType "swiss"]
[EventRounds "9"]
[EventCountry "ESP"]
[SourceTitle "Ajedrez en Madrid"]
[Source "lmi"]
[SourceDate "2018.02.05"]

1. e4 c5 2. Nf3 d6 3. b3 Nf6 4. Nc3 Nc6 5. Bb2 Bg4 6. Bb5 e6 7. h3 Bh5 8. g4
Bg6 9. e5 Nd7 10. Bxc6 bxc6 11. exd6 Bxd6 12. d3 O-O 13. h4 h6 14. h5 Bh7 15.
Qe2 Bf4 16. Ne4 Rc8 17. g5 Bxe4 18. Qxe4 Bxg5 19. Rg1 Bf6 20. Ne5 Nxe5 21. Bxe5
Kh8 22. O-O-O Bxe5 23. Qxe5 Qd4 24. Rde1 Rfd8 25. Qg3 Rg8 26. Kb1 Rcd8 27. Re4
Qd6 28. Qe3 Qh2 29. Re1 Rd5 30. Ra4 Qxh5 31. Rxa7 Rgd8 32. Qf4 R5d7 33. Rxd7
Rxd7 34. a4 Qd5 35. Re5 Qd6 36. Qe3 Qd4 37. Qg3 Rb7 38. Re4 Qd5 39. Rc4 Qd7 40.
Qe3 Rb4 41. Qxc5 Rxc4 42. Qxc4 Qa7 43. Qxc6 Qxf2 44. a5 Qe1+ 45. Kb2 Qxa5 46.
Qe8+ Kh7 47. Qxf7 Qe5+ 48. Kb1 Qe1+ 49. Kb2 Qe5+ 1/2-1/2

[Event "Madrid-ch 2017-2018 - Previa A"]
[Site "Madrid ESP"]
[Date "2018.02.06"]
[Round "2.8"]
[White "Esteban Amo, Jose M"]
[Black "Lizon Martinez, Santiago"]
[Result "1-0"]
[WhiteElo "1847"]
[BlackElo "1710"]
[PlyCount "115"]
[EventDate "2018.02.05"]
[EventType "swiss"]
[EventRounds "9"]
[EventCountry "ESP"]
[SourceTitle "Ajedrez en Madrid"]
[Source "lmi"]
[SourceDate "2018.02.05"]

1. e4 c5 2. d4 cxd4 3. c3 Nf6 4. e5 Nd5 5. cxd4 d6 6. Nf3 e6 7. Nc3 Nb6 8. Bb5+
Bd7 9. O-O Be7 10. Bf4 d5 11. Rc1 a6 12. Bd3 Nc6 13. Qe2 Nb4 14. Bb1 Nc4 15. a3
Nc6 16. Rfd1 b5 17. Ba2 Qb6 18. Rb1 N6a5 19. b4 Nc6 20. Bxc4 bxc4 21. Be3 Na7
22. Ng5 Qd8 23. Qh5 Bxg5 24. Bxg5 Qb6 25. Qg4 h6 26. Bd2 Rh7 27. a4 Rb8 28. h3
Qd8 29. Rdc1 Qe7 30. b5 axb5 31. axb5 Bxb5 32. Bxh6 Rxh6 33. Qxg7 Rg6 34. Qh8+
Qf8 35. Qxf8+ Kxf8 36. Rb4 Ke7 37. Ra1 Rb7 38. Nxb5 Nxb5 39. Rab1 Kd7 40. Rxb5
Rxb5 41. Rxb5 Kc6 42. Rb8 f5 43. g3 Kc7 44. Rb4 Rg8 45. Kf1 Rb8 46. Rxb8 Kxb8
47. Ke2 Kc8 48. f3 Kd7 49. g4 Ke7 50. gxf5 exf5 51. f4 Kf7 52. h4 Kg6 53. Ke3
Kh6 54. e6 Kg7 55. h5 c3 56. h6+ Kh7 57. e7 c2 58. Kd2 1-0

[Event "Madrid-ch 2017-2018 - Previa A"]
[Site "Madrid ESP"]
[Date "2018.02.06"]
[Round "2.9"]
[White "Corredor Gonzalez, Angel L"]
[Black "Osorio Ramos, Francisco"]
[Result "1-0"]
[WhiteElo "1745"]
[BlackElo "1821"]
[PlyCount "89"]
[EventDate "2018.02.05"]
[EventType "swiss"]
[EventRounds "9"]
[EventCountry "ESP"]
[SourceTitle "Ajedrez en Madrid"]
[Source "lmi"]
[SourceDate "2018.02.05"]

1. e4 c5 2. Nc3 g6 3. f4 Bg7 4. Nf3 d6 5. Bc4 e6 6. O-O Ne7 7. d3 O-O 8. Qe1
Nbc6 9. a3 Nd4 10. Nxd4 cxd4 11. Ne2 d5 12. Ba2 dxe4 13. dxe4 Nc6 14. e5 b5 15.
Bd2 Qb6 16. Kh1 Bb7 17. Ng3 Rfd8 18. Ne4 Bf8 19. Nf6+ Kg7 20. Qh4 h6 21. f5 h5
22. Nxh5+ gxh5 23. Qg5+ Kh7 24. Qxh5+ Kg8 25. Qg5+ Kh7 26. Rf4 Bg7 27. Rh4+ Kg8
28. f6 Kf8 29. Qxg7+ Ke8 30. Qg8+ Kd7 31. Qxf7+ Kc8 32. Qxe6+ Kb8 33. Qf5 a5
34. e6 Rg8 35. Rg4 Ka7 36. Bf4 Rh8 37. Bd6 Ka6 38. a4 Rxh2+ 39. Bxh2 Rh8 40.
axb5+ Ka7 41. bxc6 Bxc6 42. Rg7+ Ka8 43. Bd5 Qb5 44. Rxa5+ Qxa5 45. Bxc6# 1-0

[Event "Madrid-ch 2017-2018 - Previa A"]
[Site "Madrid ESP"]
[Date "2018.02.06"]
[Round "2.10"]
[White "Garcia Gonzalez, Pedro A"]
[Black "Lopez Orellana, Federico"]
[Result "0-1"]
[WhiteElo "1821"]
[BlackElo "1702"]
[PlyCount "92"]
[EventDate "2018.02.05"]
[EventType "swiss"]
[EventRounds "9"]
[EventCountry "ESP"]
[SourceTitle "Ajedrez en Madrid"]
[Source "lmi"]
[SourceDate "2018.02.05"]

1. d4 d5 2. Nf3 e6 3. e3 c6 4. b3 f5 5. g3 Nf6 6. Bg2 Be7 7. O-O O-O 8. Ba3 Ne4
9. c4 Nd7 10. Qc2 Qe8 11. Ne5 Bxa3 12. Nxa3 Qh5 13. Qd1 Qh6 14. Rc1 Qf6 15. f4
Qe7 16. c5 Nxe5 17. fxe5 Bd7 18. Nc2 a5 19. Ne1 Be8 20. Nd3 g5 21. Rc2 Bg6 22.
Bxe4 fxe4 23. Nc1 Rf3 24. Qe1 Raf8 25. Rcf2 Bh5 26. a3 Qc7 27. Ne2 Bg4 28. Kg2
Qf7 29. Rxf3 exf3+ 30. Kg1 fxe2 31. Rxf7 Rxf7 32. b4 axb4 33. axb4 Rf1+ 34.
Qxf1 exf1=Q+ 35. Kxf1 Kf8 36. Ke1 Ke7 37. Kd2 Kd7 38. Kd3 Bf5+ 39. Kc3 h5 40.
Kd2 Kc7 41. Kc3 b6 42. Kb3 Kb7 43. Kc3 Ka6 44. Kb3 bxc5 45. bxc5 Kb5 46. Kc3
Ka4 0-1

[Event "Madrid-ch 2017-2018 - Previa A"]
[Site "Madrid ESP"]
[Date "2018.02.06"]
[Round "2.11"]
[White "Ramos Garcia, Raul"]
[Black "Rueda Maria, Ramiro"]
[Result "1/2-1/2"]
[WhiteElo "1700"]
[BlackElo "1820"]
[PlyCount "80"]
[EventDate "2018.02.05"]
[EventType "swiss"]
[EventRounds "9"]
[EventCountry "ESP"]
[SourceTitle "Ajedrez en Madrid"]
[Source "lmi"]
[SourceDate "2018.02.05"]

1. d4 Nf6 2. c4 g6 3. Nc3 Bg7 4. e4 d6 5. Nf3 O-O 6. h3 Nbd7 7. Bd3 e5 8. d5 a5
9. Bg5 Nc5 10. O-O Qd7 11. Bc2 b6 12. Re1 Ba6 13. b3 b5 14. cxb5 Bxb5 15. Qd2
Rfb8 16. Be3 Nb7 17. Rac1 c5 18. Bh6 Rc8 19. Bxg7 Kxg7 20. Nxb5 Qxb5 21. Bd3
Qb6 22. Qg5 h6 23. Qg3 Qd8 24. Nd2 a4 25. Bc4 Qd7 26. Qd3 axb3 27. axb3 Ra5 28.
Ra1 Rca8 29. Qc3 Qd8 30. Rxa5 Qxa5 31. Qxa5 Rxa5 32. Bd3 Ra3 33. Bc4 Na5 34.
Kf1 Nd7 35. Nb1 Ra2 36. Nc3 Rc2 37. Nb5 Nb6 38. Nxd6 Nbxc4 39. bxc4 Nxc4 40.
Nxc4 Rxc4 1/2-1/2

[Event "Madrid-ch 2017-2018 - Previa A"]
[Site "Madrid ESP"]
[Date "2018.02.06"]
[Round "2.12"]
[White "Tapia Sanchez, Jose Manuel"]
[Black "Hernandez Gutierrez, Jose"]
[Result "1-0"]
[WhiteElo "1687"]
[BlackElo "1804"]
[PlyCount "33"]
[EventDate "2018.02.05"]
[EventType "swiss"]
[EventRounds "9"]
[EventCountry "ESP"]
[SourceTitle "Ajedrez en Madrid"]
[Source "lmi"]
[SourceDate "2018.02.05"]

1. e4 c6 2. d4 d5 3. e5 Bf5 4. Nc3 e6 5. g4 Bg6 6. Nge2 c5 7. h4 h5 8. Nf4 Bh7
9. Nxh5 cxd4 10. Bb5+ Nc6 11. Qxd4 Bxc2 12. Bg5 Qa5 13. O-O Nh6 14. Nxd5 exd5
15. Qxd5 Qc7 16. Rac1 Bg6 17. Rxc6 1-0

[Event "Madrid-ch 2017-2018 - Previa A"]
[Site "Madrid ESP"]
[Date "2018.02.06"]
[Round "2.13"]
[White "Gortazar Rubial, Javier Maria"]
[Black "De Luna Butz, Alberto"]
[Result "0-1"]
[WhiteElo "1543"]
[BlackElo "1799"]
[PlyCount "88"]
[EventDate "2018.02.05"]
[EventType "swiss"]
[EventRounds "9"]
[EventCountry "ESP"]
[SourceTitle "Ajedrez en Madrid"]
[Source "lmi"]
[SourceDate "2018.02.05"]

1. e4 e6 2. d3 d5 3. Nd2 c5 4. g3 Nc6 5. Bg2 g6 6. Ngf3 Bg7 7. O-O Nge7 8. Re1
O-O 9. Nf1 Qc7 10. c3 dxe4 11. dxe4 Rd8 12. Qc2 b6 13. e5 Bb7 14. Bf4 h6 15.
Qe2 g5 16. Bd2 Ng6 17. h4 gxh4 18. gxh4 Ncxe5 19. h5 Nxf3+ 20. Bxf3 Nh4 21. Bh1
Bxh1 22. Kxh1 Qc6+ 23. Qe4 Qxe4+ 24. Rxe4 Nf5 25. Bf4 Rd3 26. Ne3 Nxe3 27. Bxe3
Rad8 28. Rg1 Rd1 29. Reg4 Rxg1+ 30. Rxg1 Kh7 31. Kg2 Rd5 32. Rh1 Bf6 33. Kf3
Bg5 34. c4 Rf5+ 35. Ke2 Bxe3 36. Kxe3 Kg7 37. f4 Kf6 38. Ke4 e5 39. fxe5+ Rxe5+
40. Kf3 Kg5 41. Rh2 f6 42. Kg3 Re3+ 43. Kf2 Re4 44. Kf3 Rxc4 0-1